Аппараты высокого напряжения

Bibliografiske detaljer
Institution som forfatter: Институт промышленного развития "Информэлектро"
Sprog:russisk
Udgivet: Москва, Информэлектро, 1999-
Serier:Справочник
Format: MixedMaterials Bog
KOHA link:https://koha.lib.tpu.ru/cgi-bin/koha/opac-detail.pl?biblionumber=102503

MARC

LEADER 00000nam0a2200000 4500
001 102503
005 20231031113027.0
035 |a (RuTPU)RU\TPU\book\110525 
090 |a 102503 
100 |a 20060926d m y0rusy50 ca 
101 0 |a rus 
102 |a RU 
105 |a a z 001zy 
200 1 |a Аппараты высокого напряжения  |f Институт промышленного развития "Информэлектро" 
210 |a Москва  |c Информэлектро  |d 1999- 
225 1 |a Справочник 
712 0 2 |a Институт промышленного развития "Информэлектро"  |2 stltpush  |3 (RuTPU)RU\TPU\col\3923 
801 1 |a RU  |b 63413507  |c 20060926  |g PSBO 
942 |c BK